Continuation des essais de morale tome second de la premiere partie

Bibliographic Details
Format: Book
Language:Slovak
Published: A La Haye Chez Adrian Moetjens 1692

MARC

LEADER 00000nam a2200000 a 4500
001 vtls001413723
003 SK-MaSNL
005 20260224112822.0
008 180126sm y0 xo r 0 slo
020 |c 1.200,00 
035 |a SNK000368448 
040 |a SNK  |b slo  |c SNK  |e AACR2 
044 |a xo  |c SK 
245 1 |a Continuation des essais de morale  |n tome second de la premiere partie 
260 |a A La Haye  |b Chez Adrian Moetjens  |c 1692 
999 |c 984045  |d 985975 
952 |t P60, <04>, [BOOK], {604}  |a SNK  |b SNK  |y VYP  |7 0  |o snkIE 9761/2/1  |i snkK 714/2001  |0 0  |1 0  |4 0  |d 2001-05-24  |l 0  |r 2005-01-02 00:00:00  |w 2026-02-24